Overcoming malnutrition : (Record no. 6705)
[ view plain ]
| 000 -LEADER | |
|---|---|
| fixed length control field | 00588cam a22001932 4500 |
| 001 - CONTROL NUMBER | |
| control field | 0000004890 |
| 005 - DATE AND TIME OF LATEST TRANSACTION | |
| control field | 20151217151944.0 |
| 008 - FIXED-LENGTH DATA ELEMENTS--GENERAL INFORMATION | |
| fixed length control field | 070531s xx 000 0 eng d |
| 040 ## - CATALOGING SOURCE | |
| Original cataloging agency | KABU |
| Transcribing agency | KABU |
| 050 #0 - LIBRARY OF CONGRESS CALL NUMBER | |
| Classification number | RA645 |
| Item number | .N87O94 |
| 245 10 - TITLE STATEMENT | |
| Title | Overcoming malnutrition : |
| Remainder of title | is there an ecoregional dimension? / |
| Statement of responsibility, etc. | Manohar Shcerma ... [et al.] |
| 260 ## - PUBLICATION, DISTRIBUTION, ETC. (IMPRINT) | |
| Place of publication, distribution, etc. | Washinton, D.C : |
| Name of publisher, distributor, etc. | IFPRI, |
| Date of publication, distribution, etc. | 1996. |
| 300 ## - PHYSICAL DESCRIPTION | |
| Extent | v, 19 p. |
| 650 #0 - SUBJECT ADDED ENTRY--TOPICAL TERM | |
| Topical term or geographic name as entry element | Malnutrition. |
| -- | 0000155807 |
| 700 1# - ADDED ENTRY--PERSONAL NAME | |
| Personal name | Sharma, Manohar. |
| -- | 0000155808 |
| 908 ## - PUT COMMAND PARAMETER (RLIN) | |
| Put command parameter | 070531 |
| 950 ## - LOCAL HOLDINGS (RLIN) | |
| -- | 1 |
| Withdrawn status | Lost status | Source of classification or shelving scheme | Not for loan | Home library | Current library | Date acquired | Total Checkouts | Full call number | Barcode | Date last seen | Price effective from | Koha item type |
|---|---|---|---|---|---|---|---|---|---|---|---|---|
| Library of Congress Classification | Kabarak, Main Campus | Kabarak, Main Campus | 17/12/2015 | RA645 .N87O94 | 002918 | 17/12/2015 | 17/12/2015 | General Collection |